000 00381pab a2200145 454500
008 180718b1985 xxu||||| |||| 00| 0 eng d
100 _aMcBridge, Stephen
245 _aCorporation, public Policy and the labour movement
_bA comparative study
260 _c1985
300 _a439-56
362 _aSept.
650 _aPublic Policy
773 _aPolitical Studies
909 _a16695
999 _c16695
_d16695